[Event "EU-Cup 32nd"]
[Site "Novi Sad"]
[Date "2016.11.12"]
[Round "7.2"]
[White "Kamsky, Gata"]
[Black "Roiz, Michael"]
[Result "1-0"]
[WhiteElo "2648"]
[BlackElo "2605"]
[Annotator "Roiz,M"]
[PlyCount "73"]
[EventDate "2016.11.06"]
[EventType "team-swiss"]
[EventRounds "7"]
[EventCountry "SRB"]
[SourceTitle "CBM 176"]
[Source "ChessBase"]
[SourceDate "2017.01.17"]
[SourceVersion "1"]
[SourceVersionDate "2017.01.17"]
[SourceQuality "1"]
[WhiteTeam "Kazan Ladya"]
[BlackTeam "Beer Sheva"]
[WhiteTeamCountry "RUS"]
[BlackTeamCountry "ISR"]

1. e4 {Frankly speaking, this move came as a little surprise - in recent years
Gata's repertoire has been based on the closed openings.} e6 {Perhaps, my
reply was also unexpected - my opponent's next move was played after
10-minutes of thinking!} 2. d4 d5 3. Nd2 dxe4 4. Nxe4 Nd7 {White has a large
choice of various setups here.} 5. Nf3 Ngf6 6. Bd3 c5 7. Nxf6+ (7. O-O Nxe4 8.
Bxe4 Nf6 9. Bg5 cxd4 10. Nxd4 Be7 11. Bf3 O-O {is another fashionable line,
where White maintains the slight pressure, but Black is very solid.}) 7... Nxf6
8. Be3 Qc7 9. O-O {GM Kamsky is deviating from the main theoretical lines, but
Black still has some practical problems to solve.} ({The more aggressive plan
is connected with} 9. Qe2 Be7 10. O-O-O O-O 11. dxc5 Nd5 {I had a memorable
game in this line vs GM Andrei Volokitin:} 12. Bd4 Nf4 13. Qe4 Nxd3+ 14. Rxd3
f6 15. Rhd1 e5 16. Be3 ({Most probably, Black has nothing to worry about after
} 16. Qd5+ Kh8 17. Nxe5 fxe5 18. Bxe5 Qc6 $132 {Volokitin,A (2645)-Lysyj,I 
(2576) Moscow 2007}) 16... Be6 17. R3d2 Qc8 18. h3 b6 19. c6 {Volokitin,A 
(2666)-Roiz,M (2600) Beersheba 2005 [Roiz,M]. A draw was agreed in this
extremely complicated position.}) 9... c4 {Releasing the tension in the centre
is a double-edged decision, but I guess forcing the bishop to leave the
excellent attacking spot cannot be too bad.} ({Another solid way of handling
the position is} 9... Be7 $5 10. Ne5 (10. dxc5 Bxc5 11. Bxc5 Qxc5 12. Qe2 O-O {
looks about equal.}) (10. Bb5+ Bd7 11. Bxd7+ Nxd7 12. d5 exd5 13. Qxd5 O-O $11
{Narva,M (2121)-Mikadze,M (2233) Mamaia ROU 2016}) 10... O-O 11. c3 Nd5 {
with long strategic battle.}) 10. Be2 Bd6 11. c3 $146 {A natural novelty -
White's pawn structure is getting more flexible, whereas the c4-pawn is
somewhat vulnerable.} ({In the preceding high-level game White didn't get much:
} 11. Ne5 O-O 12. h3 c3 13. bxc3 Nd5 14. Qd3 Qxc3 15. Qxc3 Nxc3 16. Bf3 Rd8 $11
{Volokitin,A (2666)-Akopian,V (2707) Beersheba 2005}) 11... Bd7 $6 {A serious
inaccuracy, which allows White to acquire the bishop pair in a comfortable
situation.} ({A much better move was} 11... a6 12. a4 ({There is no need to
fear} 12. Ne5 b5 13. b3 Nd5 14. Bd2 O-O 15. bxc4 bxc4 $11) 12... b6 (12... O-O
$5 {deserves some attention too, though allowing} 13. a5 {doesn't look like an
attractive decision for a human eye. Still, Black's position after} Bd7 14. Ne5
Bb5 {also seems very solid.}) 13. Ne5 Bb7 14. Nxc4 Bxh2+ 15. Kh1 Nd5 16. Bd2
Bf4 $132 {with double-edged play. Compared to the game, White's monarch is not
completely safe here.}) 12. Ne5 Nd5 13. Bd2 {Perhaps, this move isn't the most
precise.} ({I was mainly expecting} 13. Nxd7 Qxd7 {, when} 14. Bd2 (14. Bxc4 $5
Bxh2+ 15. Kh1 Bc7 16. Qh5 $14) 14... O-O {could have transposed to the text.})
13... O-O $6 ({For some reason, I rapidly rejected} 13... Bxe5 14. dxe5 O-O 15.
Re1 {, assuming the bishops would become very powerful at some point. However,
it looks like after} b5 16. b3 Rac8 17. Bf1 Ne7 $1 {, followed by 18...Bc6
Black should be able to hold this position.}) 14. Nxd7 Qxd7 15. Bxc4 {Gata is
aiming to make the play more unbalanced.} ({In the event of} 15. a4 $5 Qc7 16.
g3 Rfc8 $14 {White would maintain a stable advantage, but it wouldn't be easy
to make progress.}) 15... Bxh2+ 16. Kh1 {Even though there are fewer defenders
around White's king, Black cannot create any serious threats, whereas White's
central pawns can be supported by the bishops. Therefore, White is firmly in
control here.} Bc7 17. Qf3 b5 18. Bb3 (18. Bd3 $5 {looks somewhat more natural,
when} Rab8 19. g3 f5 20. Rfe1 Rf6 21. Kg2 $14 {leads to a position, where
Black would be doomed to a passive defence till the end.}) 18... Rab8 {Black
is trying to set up a blockade, making use of powerful Nd5.} (18... Rac8 19. a4
b4 20. c4 $36 {is something which I was worried about - the centre is becoming
mobile.}) 19. a3 {This move doesn't spoil the advantage, but the prophylactic
approach wasn't necessary.} ({In my opinion,} 19. g3 $5 {was better:} a5 20.
Kg2 a4 21. Bc2 f5 22. Rfe1 $14) 19... a5 20. g3 a4 21. Bc2 Nb6 {As a result,
Black was able to consolidate the situation on one side of the board...Still,
the problems are not solved!} 22. Rad1 Nc4 23. Bc1 f5 {The light-squared
bishop is too dangerous, so Black can hardly do withough this loosening move.}
24. Kg2 Qd5 $6 {Honestly, I was relying on this natural move, but...Black
isn't ready for any change of structure!} ({More to the point was} 24... Rf6
25. Rfe1 h6 26. Bd3 Kh8 $14) 25. Rfe1 $6 {Returning the favour.} ({We both
missed the following nice manoeuvre:} 25. Qxd5 $1 exd5 26. Rde1 g6 27. Bd1 $1
Kf7 28. g4 $1 $16 {and Black's position might collapse soon.}) 25... g6 26. Re2
Rfe8 27. Rde1 Qxf3+ {A sad necessity.} ({Alas,} 27... Kf7 $2 {loses on the
spot:} 28. Be4 $18) 28. Kxf3 Kf7 29. b3 $6 {Luckily for GM Kamsky, Black was
short on time and didn't manage to exploit this inaccuracy.} ({The correct
move was} 29. g4 $1 h5 30. gxh5 gxh5 31. Rh1 Rh8 32. b3 axb3 33. Bxb3 $14 {
, keeping the advantage.}) 29... axb3 30. Bxb3 Ra8 $2 {Unfortunately, I've
committed the decisive mistake without any thinking...} ({At the same time,
had Black played} 30... Ba5 $1 31. Bf4 (31. Rc2 Rec8 $11) 31... Rbc8 32. Rh1 h5
33. a4 bxa4 34. Bxa4 Re7 $11 {everything would be under control!}) 31. a4 Rxa4
{Of course, my previous move was connected only with a sacrifice.} 32. Bxa4
bxa4 {Visually Black's position looks OK, but there is no time for protecting
the Nc4.} 33. Ra2 Ra8 34. Ke2 $18 {That's the point! The king is coming to d3,
so the game ends. The rest is an agony.} e5 (34... a3 35. Kd3 Ra4 36. Kc2 $18)
35. Kd3 Nb6 36. dxe5 Ke6 37. Be3 1-0

[Event "WchT 6th"]
[Site "Beersheba"]
[Date "2005.11.09"]
[Round "8.3"]
[White "Volokitin, Andrei"]
[Black "Roiz, Michael"]
[Result "1/2-1/2"]
[WhiteElo "2666"]
[BlackElo "2600"]
[Annotator "Roiz,M"]
[PlyCount "37"]
[EventDate "2005.11.01"]
[EventType "team-tourn"]
[EventRounds "9"]
[EventCountry "ISR"]
[SourceTitle "CBM 110"]
[Source "ChessBase"]
[SourceDate "2006.01.31"]
[SourceVersion "1"]
[SourceVersionDate "2006.01.31"]
[SourceQuality "1"]
[WhiteTeam "Ukraine"]
[BlackTeam "Israel"]
[WhiteTeamCountry "UKR"]
[BlackTeamCountry "ISR"]

1. e4 e6 2. d4 d5 3. Nc3 dxe4 4. Nxe4 Nd7 5. Nf3 Ngf6 6. Nxf6+ Nxf6 7. Bd3 c5
8. Be3 $5 {An interesting fresh idea. Andrei has already tried it against
Akopian in this tournament.} Qc7 9. Qe2 {[%cal Ge1c1] This move is much more
ambitious than 9.0-0, since white is ready for queen-side castling.} ({In the
mentioned game black has solved his main problems after} 9. O-O c4) 9... Be7 $1
$146 {This natural developing move is a novelty.} (9... a6) (9... Bd6) 10. dxc5
O-O 11. O-O-O Nd5 $1 {[%cal Gd5f4] This move was underestimated by my
tallented opponent. Now black exchanges one of white's bishops.} ({Dubious
would be:} 11... Bxc5 $6 12. Bxc5 Qxc5 13. Ne5 b6 14. g4 Bb7 15. g5 $36 {
and white has a strong attack for free.}) 12. Bd4 ({The following alternatives
doesn't promise white any advantage:} 12. Ng5 Nxe3 (12... h6 $5 13. Ne4 b6) 13.
Qxe3 h6 (13... Qxc5 14. Qxc5 Bxc5 15. Nxh7 Rd8 (15... Re8 16. Bb5 Re7 17. Ng5
$16) 16. Ng5 $16) 14. Ne4 b6 15. Nd6 Rb8 16. Qe4 g6 17. Nxc8 Rfxc8 18. Ba6 Qc6
$1 $11) (12. Bg5 Nf4 13. Qe4 Nxd3+ 14. Rxd3 Bxc5 15. Be3 Bxe3+ 16. Qxe3 Bd7 $11
) 12... Nf4 $1 {It's very important to exchange the Bd3 which puts a strong
pressure on black's monarch.} (12... Bxc5 $2 13. Be5 Qe7 14. Qe4 $16) 13. Qe4 (
{The endgame which arise after:} 13. Qe5 Qxe5 14. Nxe5 (14. Bxe5 Nxd3+ 15. Rxd3
Bxc5 16. Bd6 Bxd6 17. Rxd6 f6 $11) 14... f6 15. Nc4 (15. Nf3 e5 16. Be3 Nxg2
$15) 15... e5 16. Be3 Nxg2 17. Nd6 Nxe3 18. fxe3 $132 {is very complicated,
but black shouldn't be worse.}) 13... Nxd3+ 14. Rxd3 f6 {Restriciting the
mobility of white's minor pieces.} 15. Rhd1 e5 $6 {This natural move is
inaccurate and allows white to get a risk-free advantage.} ({It was the right
moment for a prophylactic move:} 15... Kh8 $142 $1 16. Be3 e5 $132 {and it's
not easy to find a good plan for white.}) 16. Be3 $6 {Andrei made this move
very quickly.} ({At the same time, white could maintain some advantage by:} 16.
Qd5+ $1 Kh8 17. Nxe5 {(I was worried about that sacrifice, while Andrei hasn't
considered it seriously)} fxe5 18. Bxe5 Qxc5 (18... Qc6 $2 19. Rg3 Bf6 20. Qxc6
bxc6 21. Bxf6 gxf6 22. Rd6 Bf5 23. Rxc6 Rac8 24. Rxc8 Rxc8 25. b4 $16) 19. Rg3
Qxd5 20. Bxg7+ Kg8 21. Rxd5 Rf5 (21... Rf7 $2 22. Bh6+ Kh8 23. Re3 $1 Bf5 24.
Rxe7 Rxe7 25. Rxf5 $18) 22. Rxf5 Bxf5 23. Bf6+ Kf7 24. Bxe7 Kxe7 25. Rg7+ Kf6
26. Rxb7 Be4 27. Rc7 Bxg2 28. Rxh7 $14 {although I belive black should hold
this endgame without special difficulties.}) 16... Be6 {[%csl Ge6] Now black
has full compensation for the pawn. It looks like white should be even more
careful here.} (16... Kh8 17. Rb3 Rb8) 17. R3d2 ({An attempt to activate the
knight at cost of exchange is dubious:} 17. Nd4 $6 Bc4 18. Nf5 Bxd3 19. Rxd3 g6
$15) 17... Qc8 {This move looks a bit strange, as it cuts the connection
between the rooks. However, I wanted to avoid an unpleasant Nf3-d4.} ({Now} 
17... Kh8 {leads to a forced draw after:} 18. Nd4 exd4 19. Qxe6 dxe3 20. Rd7
Qxc5 21. Qxe7 Qxe7 22. Rxe7 exf2 23. Re2 $11) ({An interesting attempt to
seize the initiative would be:} 17... Bxc5 $5 18. Bxc5 Qxc5 19. Qxb7 {(white
has to take the pawn-otherwise he is just worse)} Rab8 20. Qa6 (20. Qe4 $2 Rxb2
$1 21. Kxb2 Rb8+ $19) 20... Bc4 (20... Bf7 $5 $44) 21. Qa4 Rfc8 $44 {In this
position all black's pieces are very active, so he has an obvious compensation
for the pawn.}) 18. h3 {Intending to advance the king-side pawns.} ({Maybe} 18.
Kb1 $5 {would be more accurate.}) 18... b6 $5 {[%cal Oe7c5,Cc5b6,Gc8a6]} ({
After} 18... Rb8 19. g4 Bxc5 20. g5 $132 {white has enough time to organize
some counterplay on the king-side.}) ({But} 18... Bxc5 $5 {deserved attention
again.}) 19. c6 {Here Andrei offered a draw which was accepted after a long
thought.} ({It would be too optimistic to take the pawn:} 19. cxb6 $2 axb6 20.
a3 b5 $40 {[%csl Rc1][%cal Gb5b4]}) ({The final position after} 19. c6 {
is very complicated, but as the analyze shows, black's chances were already
better.} {For example,} Qa6 20. Rd7 (20. a4 b5 $1 21. Rd7 Rfe8 $1 $17 (21...
Bxd7 $2 22. Rxd7 Rfe8 23. Qd5+ Kf8 24. Qxb5 $16)) (20. a3 $2 Bxa3 21. c3 Be7
$17) 20... Bxd7 $1 ({After} 20... Rfe8 $6 21. a3 $36 {black's pieces are
misplaced.}) ({less clear is also:} 20... Rf7 21. a4 $1 ({Now after} 21. a3 $6
{black can accept the sacrifice:} Bxd7 22. cxd7 Rd8 23. Qc6 {and after} Bxa3 $1
24. bxa3 Qxa3+ 25. Kb1 Qe7 $15 {white has some problems.}) 21... b5 ({In this
position} 21... Bxd7 $6 {leads to an inferior position after} 22. cxd7 Rd8 23.
Qc6 $36) 22. Rb7 bxa4 23. c7 $132) 21. Qd5+ (21. Rxd7 Rad8 22. Qd5+ Kh8 $17)
21... Rf7 22. cxd7 Rd8 $15 {and white has no sufficient compensation for the
exchange}) 1/2-1/2

[Event "URS-chT Cup 10th"]
[Site "Ordzhonikidze"]
[Date "1978.05.??"]
[Round "2"]
[White "Lukin, Andrei M"]
[Black "Romanishin, Oleg M"]
[Result "0-1"]
[WhiteElo "2460"]
[BlackElo "2610"]
[Annotator "Romanishin,O"]
[PlyCount "80"]
[EventDate "1978.05.05"]
[EventType "team-tourn"]
[EventRounds "7"]
[EventCountry "URS"]
[SourceTitle "EXT 2017"]
[Source "ChessBase"]
[SourceDate "2016.10.25"]
[SourceVersion "1"]
[SourceVersionDate "2016.10.25"]
[SourceQuality "1"]
[WhiteTeam "Zenit"]
[BlackTeam "Avangard"]
[WhiteTeamCountry "RUS"]
[BlackTeamCountry "URS"]

1. e4 e6 2. d4 d5 3. Nc3 Be7 4. Nf3 Nf6 5. Bd3 c5 6. exd5 cxd4 7. Bb5+ Bd7 8.
Bxd7+ Qxd7 9. dxe6 Qxe6+ 10. Ne2 Bb4+ 11. Bd2 Bc5 12. O-O Qd7 $2 (12... Nc6
$142 {Inf25}) 13. Bg5 Ne4 14. Qd3 Nxg5 15. Nxg5 Nc6 16. Qe4+ Qe7 17. Rad1 h6
18. Qxe7+ Kxe7 19. Nf3 Rhd8 20. a3 Bb6 21. Rd2 Rac8 22. Rfd1 Kf6 23. g3 Na5 24.
b3 d3 25. Rxd3 Rxd3 26. Rxd3 Rxc2 27. Nfd4 Rb2 28. Kf1 g5 29. Rc3 Rb1+ 30. Kg2
Re1 31. Kf3 Rd1 32. Ke4 Rd2 33. Ke3 Rxe2+ 34. Kxe2 Bxd4 35. Rc7 Be5 36. Rd7 Ke6
37. Rd3 Bf6 38. Ke3 Be7 39. h3 f5 40. g4 fxg4 0-1

[Event "Wch U20 Girls 33rd"]
[Site "Khanty-Mansiysk"]
[Date "2015.09.14"]
[Round "12"]
[White "Abdumalik, Zhansaya"]
[Black "Fataliyeva, Ulviyya Hasil Qizi"]
[Result "1-0"]
[WhiteElo "2380"]
[BlackElo "2301"]
[Annotator "Schulz,Andre"]
[PlyCount "59"]
[EventDate "2015.09.02"]
[EventType "swiss"]
[EventRounds "13"]
[EventCountry "RUS"]
[SourceTitle "EXT 2016"]
[Source "ChessBase"]
[SourceDate "2015.10.08"]
[SourceVersion "1"]
[SourceVersionDate "2015.10.08"]
[SourceQuality "1"]

1. e4 e6 2. d4 d5 3. Nc3 dxe4 4. Nxe4 Be7 5. Nf3 Nd7 6. Bd3 Ngf6 7. c3 c5 8.
O-O cxd4 9. Nxd4 O-O 10. Ng3 Qc7 11. Qe2 Re8 12. Re1 Bf8 13. Ne4 Nxe4 14. Qxe4
g6 15. Qh4 Nc5 16. Bc2 Bd7 17. Nf3 e5 18. b4 {[#]} Ba4 $2 {Schwarz möchte den
weißfeldrigen Läufer tauschen. Doch der ist gar nicht mehr das größte
Problem.} (18... Ne6 $11) 19. Ng5 {Es droht Matt.} h6 $2 (19... h5 20. Bxg6
fxg6 21. bxc5 $16) 20. Bxa4 Nxa4 21. Ne4 {Droht wieder Matt , beginnend mit
Sf6.} Be7 22. Qxh6 Nxc3 23. Ng5 Bf6 $2 ({Bitter, aber wahr: Nötig war} 23...
Bxg5 24. Bxg5 Nd5 25. Rad1 f6 26. Rxd5 fxg5 27. Qxg6+ Qg7 28. Qf5 $18) 24. Qh7+
Kf8 25. Be3 {c5 lockt.} Na4 26. Rac1 Qe7 27. Ne4 Rec8 28. Bh6+ Ke8 29. Qg8+ Kd7
30. Red1+ {Es reicht.} 1-0

[Event "Las Palmas"]
[Site "Las Palmas"]
[Date "1996.12.16"]
[Round "6"]
[White "Ivanchuk, Vassily"]
[Black "Karpov, Anatoly"]
[Result "1/2-1/2"]
[WhiteElo "2730"]
[BlackElo "2775"]
[Annotator "Shamkovich,L"]
[PlyCount "29"]
[EventDate "1996.12.08"]
[EventType "tourn"]
[EventRounds "10"]
[EventCountry "ESP"]
[EventCategory "21"]
[SourceTitle "CBM 057"]
[Source "ChessBase"]
[SourceDate "1997.04.01"]
[SourceVersion "1"]
[SourceVersionDate "1997.04.01"]
[SourceQuality "1"]

1. e4 e6 2. d4 d5 3. Nc3 dxe4 4. Nxe4 Nd7 5. Bd3 Ngf6 6. Qe2 c5 7. Nxf6+ Nxf6
8. dxc5 Bxc5 9. Nf3 (9. Bg5 Qa5+ 10. Bd2 Qc7 11. O-O-O O-O 12. Nf3 b6 13. Ne5
Bb7 14. f4 {White is slightly better, Polgar,J-Ehlvest,J/It Vienna AUT 1996})
9... Qc7 10. O-O O-O 11. Bg5 b6 12. Ne5 (12. Bxf6 gxf6 13. Qe4 (13. b4 Bd6 (
13... Bxb4 $4 14. Qe4 f5 15. Qxb4)) 13... f5 14. Qxa8 Bb7 15. Qxf8+ (15. Qxa7
b5) 15... Kxf8 $17) 12... Bb7 13. Bxf6 (13. Rae1 Rfd8 14. Ng4 $6 Qc6 15. Ne3
Bd4) 13... gxf6 {[#]} 14. Bxh7+ {The simpliest way to draw The simpliest way
to draw here.} (14. Qh5 f5 15. Rae1 f6 16. Nf3 Qf7 17. Qxf7+ Kxf7 18. Bc4 Rfe8
19. Nh4 Be4) 14... Kxh7 15. Qh5+ {Perpetual} 1/2-1/2

[Event "Groningen PCA"]
[Site "Groningen"]
[Date "1993.??.??"]
[Round "5"]
[White "Shirov, Alexei"]
[Black "Chernin, Alexander"]
[Result "1-0"]
[WhiteElo "2685"]
[BlackElo "2615"]
[Annotator "Shirov,A"]
[PlyCount "74"]
[EventDate "1993.12.??"]
[EventType "swiss"]
[EventRounds "11"]
[EventCountry "NED"]
[SourceTitle "CBM 039"]
[Source "ChessBase"]
[SourceDate "1994.04.01"]
[SourceVersion "1"]
[SourceVersionDate "1994.04.01"]
[SourceQuality "1"]

1. e4 {Vaiser} e6 2. d4 d5 3. Nc3 dxe4 4. Nxe4 Bd7 5. Nf3 Bc6 6. Bd3 Nd7 7. O-O
Ngf6 8. Ng3 (8. Neg5) 8... Be7 9. b3 O-O 10. Bb2 Bxf3 $6 (10... b5) (10... a5)
11. Qxf3 c6 12. c4 Re8 13. Rfe1 Bf8 (13... Nf8 14. h4 $1 $14 {Shirov,A-Huebner,
R/Muenchen/1993/}) 14. Rad1 Qa5 (14... g6 15. d5 $1 (15. h4 Bg7 16. h5 Qa5 $10)
15... cxd5 (15... exd5 $6 16. Rxe8 Nxe8 17. cxd5) 16. cxd5 Nxd5 17. Bc4 Bg7 (
17... N7b6 18. Bxd5 Nxd5 19. Rxd5 Qxd5 (19... exd5 20. Rxe8 Qxe8 21. Qf6 $18)
20. Qf6 e5 21. Rxe5 Qc6 22. Re6 $1 Qc1+ 23. Bxc1 Rxe6 24. Qc3 $18) 18. Bxg7
Kxg7 19. Bxd5 exd5 20. Qxd5 $16) 15. Bb1 g6 16. h4 $1 (16. d5 $2 {Vaiser} exd5
17. Rxe8 Rxe8 18. Bxf6 (18. Bc3 Qd8) 18... Nxf6 19. Qxf6 Re1+ 20. Rxe1 Qxe1+
21. Nf1 Qxb1 $19) 16... Bg7 (16... h5 17. Bc3 $1 (17. Ne4 Nxe4 18. Rxe4 Bg7)
17... Bb4 (17... Qc7 18. d5 $1) 18. Bxb4 Qxb4 19. Ne4 $1 $16) 17. Bc3 $1 Qc7
18. h5 b5 {?! Vaiser} (18... Rad8 $5 {Vaiser} 19. h6 $6 Bxh6 20. d5 Bg7 $15)
19. h6 $2 (19. Bd2 $1 bxc4 20. bxc4 e5 21. h6 Bh8 22. dxe5 Nxe5 23. Qf4 Re6 24.
Re2 Rae8 25. Rde1 $16) 19... Bxh6 $1 (19... Bh8 $142 {Vaiser}) 20. d5 cxd5 21.
Bxf6 bxc4 $2 (21... Nxf6 22. Qxf6 bxc4 (22... Bg7 {Vaiser} 23. Qh4 bxc4 24.
bxc4 Qxc4 25. Qxc4 dxc4 $16) 23. Qh4 Bf4 $1 24. Ne2 (24. bxc4 Bxg3 25. fxg3
dxc4 $10) 24... Be5 25. bxc4 dxc4 $10) 22. Bb2 $1 cxb3 $6 (22... Bg7 $2 {Vaiser
} 23. Bxg7 Kxg7 24. Qc3+ Kg8 25. bxc4 Rac8 26. Rd4 $16 {with strong attack})
23. Nh5 $3 f5 (23... gxh5 24. Qxh5 Qf4 25. Bc1 (25. Rd4 $18 {Vaiser}) 25... Nf6
26. Qh3) (23... bxa2 24. Nf6+ Nxf6 25. Qxf6 e5 26. Rxe5 $18) (23... Bg5 24. Qg4
Qd8 25. axb3 $18) 24. Rxd5 $1 (24. Rxe6 $2 {Vaiser} Rxe6 25. Qxd5 Qc6 26. Qxd7
(26. Qd4 Ne5) 26... Qxd7 27. Rxd7 gxh5 28. Bxf5 Re1+ 29. Kh2 bxa2 $19) 24...
gxh5 (24... exd5 $2 25. Qxd5+ Kf8 26. Ba3+ $18) 25. Rxf5 $1 {!! Vaiser} Nf8 (
25... exf5 26. Qd5+ Kf8 27. Qxf5+ $18) 26. Rxh5 bxa2 27. Bxa2 Bg7 28. Qg4 $1 (
28. Rg5 Ng6 29. Rxe6 Kh8 $16) 28... Kh8 (28... Re7 {Vaiser} 29. Ba3 Ree8 (29...
Qc3 30. Re3) 30. Bxf8 Rxf8 31. Rxe6 $1 Qc1+ 32. Kh2 Qc7+ 33. f4 $1 Kh8 (33...
Qxf4+ 34. Qxf4 Rxf4 35. Re8#) 34. Rxh7+ Kxh7 35. Qh5+ Kg8 36. Re7+) 29. Bxg7+
Qxg7 30. Rg5 Ng6 (30... Qf7 {Vaiser} 31. Re3 Ng6 32. Bb1 Rg8 33. Rh3 Nf8 34.
Qd4+ Rg7 35. Rhg3 Ng6 36. Bxg6 hxg6 37. Rxg6 $18) 31. Bb1 $1 Qc3 32. Rd1 Qf6 $6
(32... Rg8 33. Qh5 (33. Rxg6 $5 Rxg6 (33... hxg6 $2 34. Qh4+ Kg7 35. Rd7+) 34.
Bxg6 Rg8 35. Qxe6 hxg6 36. g4 $5 $16) (33. Bxg6 $2 Qf6 $13) 33... Nf8 34. Rd7
$3 {Ribli} Qc1+ 35. Kh2 Qf4+ 36. Rg3 Rxg3 37. Rxh7+ $18) 33. Rd7 $1 (33. Bxg6
$2 {Vaiser} Rg8 $1) 33... Re7 34. Rxe7 Qxe7 (34... Nxe7 {Vaiser} 35. Qe4) 35.
Bxg6 Rg8 36. Qd4+ Rg7 (36... Qg7 37. Bf7 $1 (37. Rh5 $1)) 37. Rh5 e5 1-0